Geology and ground-water features of Shasta Valley, Siskiyou County, California / (Record no. 29434)

MARC details
000 -LEADER
fixed length control field 01147cam a22003251a 4500
001 - CONTROL NUMBER
control field gs 60000175
003 - CONTROL NUMBER IDENTIFIER
control field DLC
005 - DATE AND TIME OF LATEST TRANSACTION
control field 20260227111409.0
008 - FIXED-LENGTH DATA ELEMENTS--GENERAL INFORMATION
fixed length control field 840925s1960 dcuab b f001 0 eng c
010 ## - LIBRARY OF CONGRESS CONTROL NUMBER
LC control number gs 60000175
035 ## - SYSTEM CONTROL NUMBER
System control number (OCoLC)11196522
040 ## - CATALOGING SOURCE
Original cataloging agency U.S. Geol. Survey. Libr.
Transcribing agency CLS
Modifying agency DNAL
-- OCoLC
-- DLC
050 00 - LIBRARY OF CONGRESS CALL NUMBER
Classification number TC801
Item number .U2 no. 1484
051 ## - LIBRARY OF CONGRESS COPY, ISSUE, OFFPRINT STATEMENT
Classification number QE90.S54
Item number M3
070 0# - NATIONAL AGRICULTURAL LIBRARY CALL NUMBER
Classification number 407
Item number G29W no.1484
072 0# - SUBJECT CATEGORY CODE
Subject category code P200
-- X400
082 ## - DEWEY DECIMAL CLASSIFICATION NUMBER
Classification number 557.9421
100 1# - MAIN ENTRY--PERSONAL NAME
Personal name Mack, Seymour.
245 10 - TITLE STATEMENT
Title Geology and ground-water features of Shasta Valley, Siskiyou County, California /
Statement of responsibility, etc. by Seymour Mack.
260 ## - PUBLICATION, DISTRIBUTION, ETC.
Place of publication, distribution, etc. Washington, D.C. :
Name of publisher, distributor, etc. U.S. G.P.O.,
Date of publication, distribution, etc. 1960.
300 ## - PHYSICAL DESCRIPTION
Extent v, 115 p. :
Other physical details ill., maps ;
Dimensions 24 cm.
440 #0 - SERIES STATEMENT/ADDED ENTRY--TITLE
Title Geological Survey water-supply paper ;
Volume/sequential designation 1484
500 ## - GENERAL NOTE
General note "Prepared in cooperation with the California Division of Water Resources."
500 ## - GENERAL NOTE
General note Two folded maps in pocket.
504 ## - BIBLIOGRAPHY, ETC. NOTE
Bibliography, etc. note Bibliography: p. 110-111.
500 ## - GENERAL NOTE
General note Includes index.
650 #0 - SUBJECT ADDED ENTRY--TOPICAL TERM
Topical term or geographic name entry element Geology
Geographic subdivision California
-- Siskiyou County.
650 #0 - SUBJECT ADDED ENTRY--TOPICAL TERM
Topical term or geographic name entry element Groundwater
Geographic subdivision California
-- Siskiyou County.
650 #0 - SUBJECT ADDED ENTRY--TOPICAL TERM
Topical term or geographic name entry element Water-supply
Geographic subdivision California
-- Siskiyou County.

No items available.

Powered by Koha